000 00341nam a22001697a 4500
003 UA-OsUOA
001 5992
007 ta
008 20050721b un ||||| |||| 00| 0 ukr d
100 _aKarnow
700 _aStanley
942 _cBK
040 _aUA-OsUOA
_cUA-OsUOA
_dUA-OsUOA
245 _aSoutheast Asia.
955 _a2
650 7 _2UDC
999 _c292154
_d292154